Gas electron multiplier detectors with high reliability and stability (Запись № 3828124)

Подробности
000 -МАРКЕР
контрольное поле 02024nam0a2200373 4500
001 - ИДЕНТИФИКАТОР ЗАПИСИ
контрольное поле RU\NLR\b_ik\189213
005 - ИДЕНТИФИКАТОР ВЕРСИИ
контрольное поле 20250616231034.0
010 ## - МЕЖДУНАРОДНЫЙ СТАНДАРТНЫЙ НОМЕР КНИГИ (ISBN)
Номер (ISBN) 978-5-94274-148-8
Тираж 100
035 ## - ДРУГИЕ СИСТЕМНЫЕ НОМЕРА
Идентификатор записи (NLR Aleph) 002261687
100 ## - ДАННЫЕ ОБЩЕЙ ОБРАБОТКИ
Данные общей обработки 20131026d2010 |||y0rusy50 ca
101 0# - ЯЗЫК РЕСУРСА
Язык текста, звукозаписи и т.д. английский
Язык резюме русский
102 ## - СТРАНА ПУБЛИКАЦИИ ИЛИ ПРОИЗВОДСТВА
Страна публикации российская федерация
105 ## - ПОЛЕ КОДИРОВАННЫХ ДАННЫХ: ТЕКСТОВЫЕ МАТЕРИАЛЫ, МОНОГРАФИЧЕСКИЕ
Кодированные данные о монографическом текстовом документе a |||||||||
200 1# - ЗАГЛАВИЕ И СВЕДЕНИЯ ОБ ОТВЕТСТВЕННОСТИ
Основное заглавие Gas electron multiplier detectors with high reliability and stability
Первые сведения об ответственности B.M. Ovchinnikov, V.V. Parusov a. Yu.B. Ovchinnikov
210 ## - ПУБЛИКАЦИЯ, РАСПРОСТРАНЕНИЕ И ДР.
Место издания, распространения и т.д. Moscow
Имя издателя, распространителя и т. д. Inst. for nuclear research of the Russ. acad. of sciences
Дата издания, распространения и т.д. 2010
215 ## - ФИЗИЧЕСКАЯ ХАРАКТЕРИСТИКА
Специфическое обозначение материала и объем 15, [1] с.
Другие сведения о физической характеристике ил.
Размеры 28
225 1# - СЕРИЯ
Основное заглавие серии Preprint
Сведения об ответственности Inst. for nuclear research of the Russ. acad. of sciences
Обозначение тома INR 1274/2010
300 ## - ОБЩИЕ ПРИМЕЧАНИЯ
Текст примечания На обороте тит. л.: Газовые электронные умножители с высокой надежностью и стабильностью / Б.М. Овчинников, В.В. Парусов, Ю.Б. Овчинников
300 ## - ОБЩИЕ ПРИМЕЧАНИЯ
Текст примечания Надзаг. также на рус. яз.
300 ## - ОБЩИЕ ПРИМЕЧАНИЯ
Текст примечания Рез. на рус. яз.
320 ## - ПРИМЕЧАНИЯ О НАЛИЧИИ В ДОКУМЕНТЕ БИБЛИОГРАФИИ / УКАЗАТЕЛЯ
Текст примечания Библиогр.: с. 8-9 (11 назв.)
517 0# - ДРУГИЕ ВАРИАНТЫ ЗАГЛАВИЯ
Вариант заглавия Газовые электронные умножители с высокой надежностью и стабильностью
606 1# - НАИМЕНОВАНИЕ ТЕМЫ КАК ПРЕДМЕТ
Наименование темы Детекторы ядерного излучения газоразрядные проволочные
Системный номер авторитетной/нормативной записи 2206694
Идентификатор авторитетной/нормативной записи RU\NLR\auth\661325775
606 1# - НАИМЕНОВАНИЕ ТЕМЫ КАК ПРЕДМЕТ
Наименование темы Детекторы ядерного излучения многоканальные
Системный номер авторитетной/нормативной записи 942111
Идентификатор авторитетной/нормативной записи RU\NLR\auth\66348791
606 1# - НАИМЕНОВАНИЕ ТЕМЫ КАК ПРЕДМЕТ
Наименование темы Детекторы ядерного излучения
Тематический подзаголовок Фотоэлектронные умножители
Системный номер авторитетной/нормативной записи 2088422
Идентификатор авторитетной/нормативной записи RU\NLR\auth\661264287
686 1# - ИНДЕКСЫ ДРУГИХ КЛАССИФИКАЦИЙ
Индекс В381.51
700 #1 - ИМЯ ЛИЦА - ПЕРВИЧНАЯ ОТВЕТСТВЕННОСТЬ
Начальный элемент ввода Ovčinnikov
Часть имени, кроме начального элемента ввода B. M.
Расширение инициалов личного имени Boris Michajlovič
Код отношения Автор
701 #1 - ИМЯ ЛИЦА - АЛЬТЕРНАТИВНАЯ ОТВЕТСТВЕННОСТЬ
Начальный элемент ввода Parusov
Часть имени, кроме начального элемента ввода V. V.
Код отношения Автор
701 #1 - ИМЯ ЛИЦА - АЛЬТЕРНАТИВНАЯ ОТВЕТСТВЕННОСТЬ
Начальный элемент ввода Ovčinnikov
Часть имени, кроме начального элемента ввода J. B.
Расширение инициалов личного имени Jurij Borisovič
Код отношения Автор
801 #0 - ИСТОЧНИК ЗАПИСИ
Страна российская федерация
Организация NLR
Дата составления 20110330
Правила каталогизации RCR
942 ## - ДОПОЛНИТЕЛЬНЫЕ ЭЛЕМЕНТЫ ЗАПИСИ (АБИС)
Тип экземпляра АБИС Книга
980 ## - КОЛЛЕКЦИЯ
Название коллекции Национальная библиография
Экземпляры
Тип экземпляра Дата поступления Источник поступления Библиотека постоянного хранения Библиотека текущего хранения Место хранения Шифр хранения Штрих-код Статус не для выдачи
Книга 30.03.2011 Обязательный экземпляр РНБ (Московский) РНБ (Московский) Иностранный книжный фонд Ик 2011-8/69 1-49743